|
|
|
|
| LEADER |
00000cam a22000004a 4500 |
| 001 |
musev2_56773 |
| 003 |
MdBmJHUP |
| 005 |
20230905045826.0 |
| 006 |
m o d |
| 007 |
cr||||||||nn|n |
| 008 |
171107s2018 aru o 00 0 eng d |
| 020 |
|
|
|a 9781610756327
|
| 020 |
|
|
|z 9781682260562
|
| 035 |
|
|
|a (OCoLC)1010494540
|
| 040 |
|
|
|a MdBmJHUP
|c MdBmJHUP
|
| 100 |
1 |
|
|a Cunningham, P. Scott,
|d 1978-
|e author.
|
| 245 |
1 |
0 |
|a Ya Te Veo :
|b Poems /
|c by P. Scott. Cunningham.
|
| 264 |
|
1 |
|a Fayetteville :
|b University of Arkansas Press,
|c 2018.
|
| 264 |
|
3 |
|a Baltimore, Md. :
|b Project MUSE,
|c 2018
|
| 264 |
|
4 |
|c ©2018.
|
| 300 |
|
|
|a 1 online resource (96 pages).
|
| 336 |
|
|
|a text
|b txt
|2 rdacontent
|
| 337 |
|
|
|a computer
|b c
|2 rdamedia
|
| 338 |
|
|
|a online resource
|b cr
|2 rdacarrier
|
| 500 |
|
|
|a "Miller Williams poetry series."
|
| 505 |
0 |
|
|a Contents -- Series Editorâ#x80;#x99;s Preface -- Acknowledgments -- Giles Corey -- Planet Earth -- Three Plants That Eat People -- Soda Can -- Against Detroit -- Fugue 52 -- Jack Gilbert -- Against Surrealism -- Examining a Carpet -- Mexico -- Now a Word about Twentieth-Century Music -- How the New York School Was Formed -- Two Epigraphs without a Poem -- Poems about Concentration for People Who Canâ#x80;#x99;t Concentrate -- Orange and Life in General -- O, 1987 -- Dear Goose -- Bidart & Lowell -- Noir -- Who Was Sonia Sekula?
|
| 505 |
0 |
|
|a I Drank Some Milk and It RainedOrigin Myth -- A Story about a Marriage -- O, 1951 -- Anecdote -- Easter Eggs -- Projection 2 -- Qasida of the Pinecone -- Florida Man -- Wagner & Nietzsche -- There Is a Forward Motion in Old Video Games -- Leica -- Dover Beaches -- And from the Chimney Issues the Smoke
|
| 588 |
|
|
|a Description based on print version record.
|
| 650 |
|
7 |
|a American poetry.
|2 fast
|0 (OCoLC)fst00807348
|
| 650 |
|
7 |
|a ART
|x History
|x Modern (late 19th Century to 1945)
|2 bisacsh
|
| 650 |
|
7 |
|a POETRY
|x American
|x General.
|2 bisacsh
|
| 650 |
|
0 |
|a American poetry
|y 21st century.
|
| 655 |
|
7 |
|a Electronic books.
|2 local
|
| 710 |
2 |
|
|a Project Muse.
|e distributor
|
| 830 |
|
0 |
|a Book collections on Project MUSE.
|
| 856 |
4 |
0 |
|z Texto completo
|u https://projectmuse.uam.elogim.com/book/56773/
|
| 945 |
|
|
|a Project MUSE - Custom Collection
|
| 945 |
|
|
|a Project MUSE - 2018 Complete
|
| 945 |
|
|
|a Project MUSE - 2018 Poetry, Fiction and Creative Non-Fiction
|